00942 a2200193 45000010006000000050017000060080041000230030015000640400040000790800058001192450046001770200018002232640033002413000019002745050330002930410008006231000022006318560095006534111320260407155705.0260407a1999 arg spa dAR-UNSa-BCEJYS aAR-UNSa-BCEJYSbspacAR-UNSa-BCEJYS a347.453xAlquiler. Arrendamiento (Locaciones urbanas)10aLocaciones urbanaspteoría y práctica a950-894-173-1 1aBuenos Aires :bAD-HOCc1999 a218 p.c23 cm. a1. Breve reseña sobre las leyes de emergencia en nuestro país - 2. La Ley 23.091 y normas complementarias posteriores - 3. Ley 23.091 - Arts. 6 al 9 - 4. Ley 23.091 - Arts. 10 al 20 - 5. Ley 23.091 - Arts. 21 al 30 - 6. Ley 24.454. Usurpación - 7. Propuestas para destrabar el mercado de locaciones de inmuebles urbanos aspa1 aMarchesini, Dardo41uhttps://biblioeco.unsa.edu.ar/pmb/images/libros/L126382.jpgyImagen de portadaqimage/jpeg